| 000 | 00497nam a22001937a 4500 | ||
|---|---|---|---|
| 003 | NUST - PNEC | ||
| 005 | 20170116180748.0 | ||
| 008 | 150223b xxu||||| |||| 00| 0 eng d | ||
| 020 | _a- | ||
| 040 | _cLIBRARY | ||
| 082 | _a297.63 SAL | ||
| 100 |
_91459 _aSalahi,Adil |
||
| 245 |
_aOur Dialogue : PLUS the Religious Editor Arab News Jeddah _cAdil Salahi |
||
| 250 | _a- | ||
| 260 |
_aJeddah _bAdil Salahi _cc.1994 |
||
| 300 | _a292 p. : | ||
| 650 |
_91463 _aReligien _xMIS |
||
| 942 |
_2ddc _cBK |
||
| 999 |
_c62424 _d62424 |
||